000 00252 a2200097 4500
020 _a9788126427871
100 _aMali(V. Madhavan Nair)
245 _aPuranakadhamalika(പുരാണകഥാമാലിക)
260 _bD C books
_c2021
942 _cOO
999 _c115265
_d115264